000 00367nam a2200157Ia 4500
008 230711s9999||||xx |||||||||||||| ||und||
041 _aENG
082 _a720
_bSU-S
100 _aSunset Books ed
245 0 _aSunset idea for great tiles
250 _a1st Ed.
260 _c1998
_aCalifornia
_bSunset Books
300 _a127
650 _aArchitecture
942 _cBK
999 _c4946
_d4946